Commémoration du centenaire de l'Institut d'Egypte : séance extraordinaire du 2 décembre 1898 /

محفوظ في:

مؤلف مشترك: Institut égyptien.

التنسيق: كتاب

اللغة: French

منشور في: Le Caire : Impr. du "Journal égyptien", 1898.

الموضوعات:

الوسوم: إضافة وسم

لا توجد وسوم, كن أول من يضع وسما على هذه التسجيلة!

رقم الطلب: ( P )DT43 .I596 S4 1898

LEADER 00728nam a2200193Ia 4500
003 OSt
005 20240708060434.0
008 800627s1898 ua 00 0 fre
952 |0 0  |1 0  |2 lcc  |4 0  |7 1  |9 43780  |a ARCE  |b ARCE  |d 2022-11-24  |l 0  |o ( P )DT43 .I596 S4 1898  |p 1018762  |r 2022-11-24 00:00:00  |w 2022-11-24  |y BK 
999 |c 50237  |d 50237 
040 |c ARCE Library 
050 4 |a ( P )DT43 .I596 S4 1898 
110 2 |a Institut égyptien. 
245 1 0 |a Commémoration du centenaire de l'Institut d'Egypte :   |b séance extraordinaire du 2 décembre 1898 /   |c Institut égyptien. 
264 1 |a Le Caire :   |b Impr. du "Journal égyptien",   |c 1898. 
300 |a 48 pages ;   |c 24 cm. 
650 0 |a Science   |x Societies, etc. 
901 |a reviewed 
942 |2 lcc  |c BK